ბათუმის შოთა რუსთაველის სახელმწიფო უნივერსიტეტის ბიბლიოთეკა

თხზულებანი თორმეტ ტომად = Сочинения в двенадцати томах ტომი IX : (ბიბ.ჩანაწერი № 52653)

000 -ლიდერი
ფიქსირებული სიგრძის საკონტროლო ველი 01597nam a2200277Ia 4500
001 - საკონტროლო ნომერი
საკონტროლო ველი 19677
003 - საკონტროლო ნომრის იდენტიფიკატორი
საკონტროლო ველი GE_BSU
005 - ბოლო ოპერაციის თარიღი და დრო
საკონტროლო ველი 20200321204619.0
008 - ფიქსირებული სიგრძის მონაცემთა ელემენტები - ზოგადი ინფორმაცია
ფიქსირებული სიგრძის საკონტროლო ველი 181216s1986||||ge |||||||||||||| ||geo||
040 ## - კატალოგიზაციის წყარო
Transcribing agency GE_BSU
041 ## - ენის კოდი
Language code of text/sound track or separate title geo
080 ## - უნივერსალური ათობითი კლასიფიკაციის ინდექსი
Universal Decimal Classification number 811.353.1+27.788 შ-21
100 ## - მთავარი ჩანაწერი - პიროვნების სახელი
Personal name შანიძე, აკაკი
9 (RLIN) 5491
245 ## - ცნობა სათაურის შესახებ
Title თხზულებანი თორმეტ ტომად = Сочинения в двенадцати томах ტომი IX :
Remainder of title ქართველთა მონასტერი ბულგარეთში და მისი ტიპიკონი /
Statement of responsibility, etc შანიძე, აკაკი ; მთ. რედ. შოთა ძიძიგური ; ტომის რედ.ა. შანიძე.
264 ## - წარმოების, გამოცემის, დისტრიბუციის და სხვა ცნობები
გამოცემის, წარმოების, დისტრიბუციის... ადგილი თბილისი :
გამოცემის, წარმოების, დისტრიბუციის... სახელწოდება მეცნიერება,
გამოცემის, წარმოების, დისტრიბუციის... თარიღი 1986.
300 ## - ფიზიკური აღწერა
Extent 380 გვ. :
Other physical details ილ. : 1 ფოტო პორტ. ;
Dimensions 22 სმ.
500 ## - ზოგადი შენიშვნა
General note ლექსიკონი : გვ.140-223 ; საძიებელი : გვ.225-231
653 ## - INDEX TERM--UNCONTROLLED
Uncontrolled term ტიპიკონის ენა
653 ## - INDEX TERM--UNCONTROLLED
Uncontrolled term ორთოგრაფიული გრამატიკა
653 ## - INDEX TERM--UNCONTROLLED
Uncontrolled term ქართული ენა
700 ## - ADDED ENTRY--PERSONAL NAME
Personal name ძიძიგური, შოთა
Relator term მთავარი რედაქტორი
9 (RLIN) 7775
700 ## - ADDED ENTRY--PERSONAL NAME
Personal name შანიძე, ა.
Relator term ტომის რედაქტორი
9 (RLIN) 7776
710 ## - ADDED ENTRY--CORPORATE NAME
Corporate name or jurisdiction name as entry element საქართველოს სსრ მეცნიერებათა აკადემია
9 (RLIN) 7777
942 ## - ADDED ENTRY ELEMENTS (KOHA)
Koha item type წიგნი
Source of classification or shelving scheme
ეგზემპლარები
ჩამოწერის სტატუსი დაკარგული ეგზემპლარის სტატუსი კლასიფიკაციის წყარო ან თაროზე გაწყობის სქემა დაზიანების სტატუსი არ გაიცემა მუდმივი მდებარეობა (დაცვის ადგილი) ამჟამინდელი ადგილსამყოფელი თაროზე განთავსების ადგილი შეძენის თარიღი ღირებულება, შესყიდვის ნორმალური ფასი სრული შენახვის შიფრი შტრიხკოდი ბოლო ოპერაციის თარიღი ეგზემპლარის მიმდევრობითი ნომერი (კეტერი?) ფასის ძალაში შესვლის თარიღი ეგზემპლარის სახეობა საჯარო შენიშვნა
          ბათუმის შოთა რუსთაველის სახელმწიფო უნივერსიტეტის მთავარი ბიბლიოთეკა ბათუმის შოთა რუსთაველის სახელმწიფო უნივერსიტეტის მთავარი ბიბლიოთეკა წიგნსაცავი 2018-12-17 6.80 811.353.1+27.788 შ-21 51899 2018-12-17 51899 2018-12-17 წიგნი 6.80 ლ.
          ბათუმის შოთა რუსთაველის სახელმწიფო უნივერსიტეტის მთავარი ბიბლიოთეკა ბათუმის შოთა რუსთაველის სახელმწიფო უნივერსიტეტის მთავარი ბიბლიოთეკა წიგნსაცავი 2018-12-17 6.80 811.353.1+27.788 შ-21 51900 2018-12-17 51900 2018-12-17 წიგნი 6.80 ლ.
          ბათუმის შოთა რუსთაველის სახელმწიფო უნივერსიტეტის მთავარი ბიბლიოთეკა ბათუმის შოთა რუსთაველის სახელმწიფო უნივერსიტეტის მთავარი ბიბლიოთეკა წიგნსაცავი 2018-12-17 6.80 811.353.1+27.788 შ-21 51901 2018-12-17 51901 2018-12-17 წიგნი 6.80 ლ.
          ბათუმის შოთა რუსთაველის სახელმწიფო უნივერსიტეტის მთავარი ბიბლიოთეკა ბათუმის შოთა რუსთაველის სახელმწიფო უნივერსიტეტის მთავარი ბიბლიოთეკა წიგნსაცავი 2018-12-17 6.80 811.353.1+27.788 შ-21 51902 2018-12-17 51902 2018-12-17 წიგნი 6.80 ლ.
          ბათუმის შოთა რუსთაველის სახელმწიფო უნივერსიტეტის მთავარი ბიბლიოთეკა ბათუმის შოთა რუსთაველის სახელმწიფო უნივერსიტეტის მთავარი ბიბლიოთეკა წიგნსაცავი 2018-12-17 6.80 811.353.1+27.788 შ-21 51903 2018-12-17 51903 2018-12-17 წიგნი 6.80 ლ.